Statistiques concernant L'apprentissage Anastasia

Cliquez ici pour prendre le quiz!

Statistiques générales

  • Ce quiz a été pris 31 fois
  • Le résultat moyen est 281 sur 391

Statistiques - réponses

HintRéponse% Correct
AnyaA
100%
a
100%
à
100%
ce
100%
de
100%
Es
100%
es
100%
je
100%
AnyaJe
100%
la
100%
Dimitri | Ensemble | Vlad | VladimirLe
100%
le
100%
suis
100%
un
100%
Anya | DimitriUn
100%
ans
94%
as
94%
à trois
94%
blanc
94%
c'est
94%
C'est
94%
cheval
94%
crois
94%
dans
94%
demi
94%
d'ici
94%
et
94%
Vladimir | dimitriEt
94%
Anya | DimitriEtait
94%
fais
94%
DimitriJ'en
94%
l'eau
94%
VladimirLe cheval
94%
me
94%
mis
94%
AnyaMoi
94%
moi
94%
montais
94%
ne
94%
Dimitri | Valdimir | VladOn
94%
on
94%
palais
94%
pour
94%
près
94%
sur
94%
te
94%
trois
94%
Dimitri | Ensemble | Tout les deux | +2 othersTu
94%
tu
94%
apprendre
88%
bien
88%
VladimirBien
88%
cuistot
88%
des
88%
d'imaginer
88%
en
88%
DimitriEssaie
88%
est
88%
faisais
88%
il
88%
l'as
88%
nous
88%
oublié
88%
pas
88%
Vlad et DimitriPas
88%
passé
88%
peu
88%
pourtant
88%
quand
88%
Vlad et DimitriQue
88%
que
88%
Anya | Dimitri | VladimirSi
88%
si
88%
t'amusais
88%
temps
88%
terrifier
88%
tiens
88%
toi
88%
Toi
88%
VladimirTon
88%
trop
88%
Anya | DimitriUne
88%
une
88%
vrai
88%
VladimirComme
81%
comme
81%
compte
81%
compté
81%
droite
81%
faut
81%
flotte
81%
Helas
81%
idiote
81%
inoui
81%
mes
81%
née
81%
promesses
81%
prouesses
81%
reve
81%
t'en
81%
tout
81%
DimitriCa
75%
ca
75%
feras
75%
flottes
75%
grondais
75%
Vlad et Dimiri | Vlad et Dimitri | VladimirMais
75%
par
75%
Par
75%
petit
75%
princesse
75%
sens
75%
prends
69%
prête
69%
tres
69%
AnyaAprès
63%
baise-main
63%
danse
63%
demis
63%
gout
63%
les
63%
marche
63%
rappelle
63%
reverence
63%
VladDit
56%
dit
56%
miens
56%
tes
56%
vois
56%
VladimirBon
50%
cesse
50%
Vlad et DimitriDu
50%
VladimirElle
50%
lui
50%
VladimirMets
50%
Romanov
50%
sans
50%
sortiras
50%
AnyaAlors
44%
avant
44%
chat
44%
AnyaD'accord
44%
duchesse
44%
puis
44%
DimitriRepetes
44%
savoir
44%
VladimirDis
38%
facile
38%
faire
38%
ressemble
38%
ses
38%
son
38%
y
38%
Altesse
31%
Anya
31%
bonsoir
31%
cuit
31%
AnyaDessert
31%
fort
31%
goute
31%
parlé
31%
qu'il
31%
reprend
31%
différentes
25%
etre
25%
jamais
25%
j'y
25%
veux
25%
aussi
19%
caviar
19%
chocolat
19%
devenu
19%
ferais
19%
nos
19%
pourras
19%
tenons
19%
vodka
19%
DimitriAimait
13%
VladComment
13%
coudes
13%
doit
13%
VladimirGros
13%
l'Aristocratie
13%
monde
13%
n'attend
13%
plus
13%
samovar
13%
seras
13%
Strogonov
13%
tenez
13%
EnsembleVoila
13%
vos
13%
vous
13%
vraie
13%
yacht
13%
aime
6%
apprends
6%
AnyaAvait
6%
bouton
6%
cher
6%
exemple
6%
gras
6%
membres
6%
nom
6%
AnyaNon
6%
notre
6%
oncle
6%
rentre
6%
Vanya
6%
Anatolin
0%
baron
0%
VladimirHemoglobine
0%
Kropotkin
0%
Potenkin
0%
Puschkin
0%
Sergei
0%
sortras
0%
sutout
0%
DimitriTua
0%

Distribution des résultats

Percentile par nombre de réponses

% des personnes avec chaque résultat

Votre développement - résultats

Vous n’avez pas pris ce quiz